[Event "HZ Chess Tournament 2022"]
[Site "Vlissingen, Netherlands"]
[Date "2022.08.06"]
[Round "1.1"]
[White "Fischer, Gert"]
[Black "Ponomariov, Ruslan"]
[Result "0-1"]
[WhiteElo "1923"]
[BlackElo "2642"]
[PlyCount "56"]

1. Nf3 g6 2. g3 Bg7 3. Bg2 e5 4. d3 d5 5. O-O Ne7 6. c3 O-O 7. b4 c6 8. Qc2 a5
9. Bb2 axb4 10. cxb4 d4 11. Nbd2 Nd5 12. a3 Be6 13. Nc4 Nd7 14. e4 N5b6 15.
Nfd2 Na4 16. Na5 Nxb2 17. Qxb2 Qe7 18. Nac4 b5 19. Na5 Rfc8 20. Nab3 c5 21.
Nxc5 Nxc5 22. bxc5 Rxc5 23. Rfc1 Rac8 24. Rxc5 Qxc5 25. Rb1 Qc3 26. Bf1 Bd7 27.
Nf3 Ra8 28. Qd2 Rxa3 0-1

[Event "HZ Chess Tournament 2022"]
[Site "Vlissingen, Netherlands"]
[Date "2022.08.06"]
[Round "1.2"]
[White "Van den Doel, Erik"]
[Black "Morssink, Pieter Jan"]
[Result "1-0"]
[WhiteElo "2591"]
[BlackElo "1920"]
[PlyCount "61"]

1. Nf3 Nf6 2. g3 g6 3. Bg2 Bg7 4. O-O O-O 5. d4 d6 6. a4 Nc6 7. a5 a6 8. d5 Nb8
9. c4 e5 10. Nc3 h6 11. e4 Kh7 12. c5 Ne8 13. Be3 Nd7 14. c6 bxc6 15. dxc6 Ndf6
16. Nxe5 Qe7 17. Nd3 Ng4 18. Bd2 Ne5 19. Nd5 Qd8 20. Nxe5 Bxe5 21. Qc1 Bg7 22.
Bc3 Nf6 23. Nxf6+ Bxf6 24. Bxf6 Qxf6 25. Qc3 Kg7 26. Ra4 Re8 27. Rd4 Re5 28. b4
Rb8 29. f4 Reb5 30. Qd2 Qe6 31. Rf3 1-0

[Event "HZ Chess Tournament 2022"]
[Site "Vlissingen, Netherlands"]
[Date "2022.08.06"]
[Round "1.3"]
[White "Westerweele, Henrik"]
[Black "Baklan, Vladimir"]
[Result "0-1"]
[WhiteElo "1919"]
[BlackElo "2582"]
[PlyCount "112"]

1. e4 c5 2. c3 Nf6 3. e5 Nd5 4. d4 cxd4 5. Nf3 d6 6. exd6 Qxd6 7. cxd4 Nc6 8.
Nc3 Bg4 9. Be2 e6 10. O-O Be7 11. Be3 O-O 12. Qd2 Rfd8 13. Rfd1 Rac8 14. Rac1
Qb8 15. Nxd5 Rxd5 16. Bf4 Bd6 17. Bxd6 Qxd6 18. h3 Bh5 19. g4 Bg6 20. Ne5 Qd8
21. Nxc6 bxc6 22. Bf3 Rd6 23. Rc5 h6 24. Qc3 Qh4 25. Kg2 h5 26. d5 exd5 27.
Rcxd5 Rxd5 28. Rxd5 hxg4 29. Bxg4 Be4+ 30. f3 Bxd5 31. Bxc8 Qd8 32. Ba6 Qg5+
33. Kh2 Qh5 34. Kg3 Qg6+ 35. Kh2 Qd6+ 36. Kg2 Bxa2 37. Qe3 c5 38. Bd3 Be6 39.
Be4 Kf8 40. Qc3 Qb6 41. h4 f6 42. h5 Qb4 43. Qc1 Ke7 44. Kg3 Qd4 45. Qa1 a5 46.
Qe1 Kd6 47. Qc1 a4 48. Kg2 Ke7 49. Kg3 Qe5+ 50. Kf2 Qxh5 51. Qc3 Qe5 52. Qc2 f5
53. Bd3 Qd4+ 54. Kg2 Kf6 55. Bb5 Bd5 56. Be2 Ke5 0-1

[Event "HZ Chess Tournament 2022"]
[Site "Vlissingen, Netherlands"]
[Date "2022.08.06"]
[Round "1.4"]
[White "Harsha Bharathakoti"]
[Black "Klein, Jorik"]
[Result "1-0"]
[WhiteElo "2557"]
[BlackElo "1918"]
[PlyCount "69"]

1. Nf3 Nf6 2. c4 g6 3. Nc3 Bg7 4. e4 d6 5. d4 O-O 6. Be2 e5 7. Be3 Nc6 8. d5
Ne7 9. Nd2 Nd7 10. b4 f5 11. f3 Nf6 12. c5 Nh5 13. Nc4 Nf4 14. O-O Rf6 15. Rc1
g5 16. cxd6 cxd6 17. Nb5 b6 18. a4 Ba6 19. Bxf4 gxf4 20. Bd3 Bxb5 21. axb5 Rc8
22. exf5 Nxf5 23. Bxf5 Rxf5 24. Qd3 Rf7 25. Nd2 Rfc7 26. Rc6 Bf8 27. Qf5 Rxc6
28. dxc6 Rc7 29. Ne4 Rf7 30. Qg4+ Rg7 31. Qe6+ Kh8 32. Rd1 Rg6 33. Qxe5+ Kg8
34. Qxf4 Bh6 35. Rxd6 1-0

[Event "HZ Chess Tournament 2022"]
[Site "Vlissingen, Netherlands"]
[Date "2022.08.06"]
[Round "1.5"]
[White "Oostvogels, Niek"]
[Black "Lalith Babu M R"]
[Result "0-1"]
[WhiteElo "1913"]
[BlackElo "2549"]
[PlyCount "74"]

1. e4 g6 2. d4 Bg7 3. Nc3 c6 4. Be3 d6 5. f4 b5 6. Bd3 Nf6 7. Nf3 O-O 8. Qd2
Nbd7 9. f5 c5 10. Bh6 c4 11. Bxg7 Kxg7 12. Be2 b4 13. Nd5 Nxe4 14. Qxb4 Rb8 15.
Qa3 Nb6 16. Nxb6 Qxb6 17. Bxc4 Bxf5 18. O-O Qb5 19. b4 Qxb4 20. Qxb4 Rxb4 21.
Bb3 Rbb8 22. Bc4 Rb2 23. Bb3 Nc3 24. Rfe1 e6 25. Re3 Rc8 26. Ne1 Nb5 27. Nd3
Bxd3 28. Rxd3 Na3 29. Rc1 d5 30. Bxd5 Nxc2 31. Bb3 Nb4 32. Rxc8 Nxd3 33. h3 Nf4
34. Rc7 Ne2+ 35. Kf1 Nxd4 36. Rxa7 Nxb3 37. axb3 Rxb3 0-1

[Event "HZ Chess Tournament 2022"]
[Site "Vlissingen, Netherlands"]
[Date "2022.08.06"]
[Round "1.6"]
[White "Beerdsen, Thomas"]
[Black "Arnold, Kiri"]
[Result "1-0"]
[WhiteElo "2513"]
[BlackElo "1898"]
[PlyCount "57"]

1. e4 c5 2. Nf3 Nc6 3. Bc4 e6 4. O-O Nf6 5. Re1 d6 6. Bb3 Be7 7. c3 O-O 8. d4
d5 9. e5 Ne8 10. Nbd2 cxd4 11. cxd4 Qb6 12. Nf1 Bd7 13. Bc2 f5 14. exf6 Nxf6
15. Ng3 Rae8 16. Bg5 Bd6 17. Re3 Kh8 18. Ne5 Qc7 19. Bxf6 Rxf6 20. Qh5 h6 21.
Ng4 Ref8 22. Nxf6 Rxf6 23. Ne2 Nxd4 24. Nxd4 Bc5 25. Rc3 Rxf2 26. Kh1 Qf4 27.
Nf3 Bd4 28. Rc8+ Bxc8 29. Qe8+ 1-0

[Event "HZ Chess Tournament 2022"]
[Site "Vlissingen, Netherlands"]
[Date "2022.08.06"]
[Round "1.7"]
[White "Hendrikse, Ad"]
[Black "Schoppen, Casper"]
[Result "0-1"]
[WhiteElo "1893"]
[BlackElo "2507"]
[PlyCount "82"]

1. e4 c5 2. Nf3 Nc6 3. d4 cxd4 4. Nxd4 Nf6 5. Nc3 d6 6. Be2 e5 7. Nb3 Be7 8.
Be3 Be6 9. O-O O-O 10. f3 a5 11. a4 Nb4 12. Rc1 Rc8 13. f4 Rxc3 14. bxc3 Na2
15. Qd3 Nxc1 16. Rxc1 Qc7 17. f5 Bd7 18. Ra1 Bc6 19. Bf3 g6 20. fxg6 hxg6 21.
Nd2 Rc8 22. c4 Bd7 23. Rb1 Bxa4 24. Bb6 Qc6 25. Kh1 Bd8 26. Bxd8 Rxd8 27. c3
Qc7 28. Qe3 Bc6 29. g3 a4 30. h3 Qe7 31. Rf1 Ra8 32. Bg2 a3 33. Ra1 Nd7 34. Ra2
Qe6 35. Kh2 Nc5 36. Bf1 Ra4 37. Bd3 Nxd3 38. Qxd3 b5 39. cxb5 Qxa2 40. bxc6 Ra8
41. Qxd6 Qe6 0-1

[Event "HZ Chess Tournament 2022"]
[Site "Vlissingen, Netherlands"]
[Date "2022.08.06"]
[Round "1.8"]
[White "Ikonnikov, Vyacheslav"]
[Black "Boghossian, Wahe"]
[Result "1-0"]
[WhiteElo "2493"]
[BlackElo "1892"]
[PlyCount "61"]

1. d4 Nf6 2. Nf3 g6 3. c4 Bg7 4. Nc3 O-O 5. e4 d6 6. Be2 Nc6 7. d5 Nb8 8. O-O
e6 9. dxe6 Bxe6 10. Nd4 Qd7 11. Be3 Nc6 12. Nxe6 Qxe6 13. f3 Ne5 14. b3 c6 15.
Qd2 Rfd8 16. Rad1 Ne8 17. Rfe1 h5 18. h3 f5 19. exf5 Qxf5 20. f4 Nf7 21. Bd3
Qf6 22. Ne4 Qb2 23. Ng5 Qf6 24. Qc2 Nh8 25. Nf3 Bh6 26. Bd4 Qxf4 27. Bxg6 Nf6
28. Re7 Bg7 29. Rde1 d5 30. R1e6 Rf8 31. Bh7+ 1-0

[Event "HZ Chess Tournament 2022"]
[Site "Vlissingen, Netherlands"]
[Date "2022.08.06"]
[Round "1.9"]
[White "Pluymert, Marcel"]
[Black "Santiago, Yago De Moura"]
[Result "0-1"]
[WhiteElo "1889"]
[BlackElo "2490"]
[PlyCount "74"]

1. d4 Nf6 2. e3 g6 3. Bd3 Bg7 4. f4 d5 5. Nf3 O-O 6. Nbd2 c5 7. c3 Qc7 8. Ne5
Nc6 9. O-O Rb8 10. Qe2 Bf5 11. Ndf3 Bxd3 12. Qxd3 b5 13. a3 a5 14. Bd2 Ne4 15.
Rac1 Rfd8 16. Ng4 c4 17. Qc2 b4 18. axb4 axb4 19. Nf2 b3 20. Qd1 Nxf2 21. Rxf2
Ra8 22. Ra1 Rxa1 23. Qxa1 Qb7 24. Qe1 Na7 25. g4 Nb5 26. Bc1 Nd6 27. Nd2 Ra8
28. Rf1 Qd7 29. Qe2 Qe6 30. Qf3 f5 31. h3 Ra1 32. Kg2 Kf7 33. g5 Nc8 34. h4 Nb6
35. h5 Na4 36. h6 Bf8 37. Kh2 Ra2 0-1

[Event "HZ Chess Tournament 2022"]
[Site "Vlissingen, Netherlands"]
[Date "2022.08.06"]
[Round "1.10"]
[White "Vrolijk, Liam"]
[Black "Albrecht, Alex"]
[Result "1-0"]
[WhiteElo "2464"]
[BlackElo "1884"]
[PlyCount "49"]

1. Nf3 d5 2. e3 e6 3. c4 c6 4. d4 f5 5. Bd3 Nf6 6. O-O Bd6 7. b3 Qe7 8. Bb2 O-O
9. Qc1 Ne4 10. Ba3 c5 11. cxd5 exd5 12. Nc3 Nxc3 13. Qxc3 b6 14. dxc5 bxc5 15.
Rac1 Nd7 16. Bb5 Bb7 17. Bxd7 Qxd7 18. Bxc5 Rfc8 19. Qd4 Bxc5 20. Rxc5 Rxc5 21.
Qxc5 Rc8 22. Qxa7 Ra8 23. Qd4 Rxa2 24. Rc1 Qb5 25. Rc7 1-0

[Event "HZ Chess Tournament 2022"]
[Site "Vlissingen, Netherlands"]
[Date "2022.08.06"]
[Round "1.11"]
[White "Sai Kiran Y"]
[Black "Leenhouts, Koen"]
[Result "1-0"]
[WhiteElo "1879"]
[BlackElo "2442"]
[PlyCount "123"]

1. d4 Nf6 2. Bf4 g6 3. Nc3 d5 4. e3 Bg7 5. h4 h6 6. Nf3 c6 7. Ne5 Nfd7 8. Bd3
Nxe5 9. Bxe5 Bxe5 10. dxe5 Qc7 11. f4 Qb6 12. Qd2 Bg4 13. Be2 Bxe2 14. Nxe2
Qxb2 15. O-O Qb6 16. Rab1 Qc7 17. e6 fxe6 18. Nd4 Nd7 19. Nxe6 Qd6 20. f5 Nb6
21. Qd4 Rg8 22. f6 Qxe6 23. f7+ Kd7 24. fxg8=Q Rxg8 25. a4 Kc7 26. a5 Nc8 27.
Qf4+ Nd6 28. Qxh6 Qe4 29. a6 b5 30. Qf4 Rh8 31. Rb4 Qxf4 32. Rbxf4 Kb6 33. Rg4
Kxa6 34. Rxg6 Rxh4 35. Rf4 Rh7 36. g4 Kb6 37. g5 Rh3 38. Rg8 Rxe3 39. g6 Rg3+
40. Kh2 Rg5 41. g7 Kc5 42. Kh3 Ne4 43. Rf7 Rh5+ 44. Kg2 Rg5+ 45. Kf3 Rg3+ 46.
Kf4 Rg1 47. Rxe7 Rf1+ 48. Ke5 Ng3 49. Rh8 Rf5+ 50. Ke6 Rg5 51. g8=Q Rxg8 52.
Rxg8 Ne2 53. Ke5 a5 54. Rc7 b4 55. Ra8 Kb5 56. Rb7+ Kc4 57. Rxa5 Nd4 58. Rc7
Nf3+ 59. Kd6 Nd4 60. Rxc6+ Nxc6 61. Kxc6 Kc3 62. Rc5+ 1-0

[Event "HZ Chess Tournament 2022"]
[Site "Vlissingen, Netherlands"]
[Date "2022.08.06"]
[Round "1.12"]
[White "Dhulipalla Bala Chandra Pr"]
[Black "Van Dijkhuizen, Robbert"]
[Result "1-0"]
[WhiteElo "2431"]
[BlackElo "1869"]
[PlyCount "55"]

1. d4 Nf6 2. Nf3 e6 3. Bf4 d5 4. e3 Bd6 5. Nbd2 O-O 6. Bd3 c5 7. dxc5 Bxf4 8.
exf4 Qc7 9. g3 Qxc5 10. O-O Nc6 11. c3 b6 12. Re1 Bb7 13. Nb3 Qd6 14. Ne5 Rfd8
15. Nxc6 Bxc6 16. Nd4 Bb7 17. Re3 Ne4 18. Qe2 Qc7 19. h4 a6 20. Re1 Re8 21. Kh2
Rad8 22. f3 Nc5 23. Bb1 Nd7 24. Kg2 Qc4 25. Qc2 g6 26. h5 Qc7 27. hxg6 hxg6 28.
Rxe6 1-0

[Event "HZ Chess Tournament 2022"]
[Site "Vlissingen, Netherlands"]
[Date "2022.08.06"]
[Round "1.13"]
[White "Verheij, Dana"]
[Black "Van Delft, Merijn"]
[Result "0-1"]
[WhiteElo "1850"]
[BlackElo "2380"]
[PlyCount "56"]

1. e4 c5 2. c3 d5 3. exd5 Qxd5 4. d4 Nf6 5. Nf3 Nc6 6. dxc5 Qxd1+ 7. Kxd1 Bf5
8. b4 Ng4 9. Ke1 O-O-O 10. Be2 g6 11. h3 Nge5 12. Nxe5 Nxe5 13. Be3 Nd3+ 14.
Kf1 Bg7 15. a3 a6 16. Bf3 Ne5 17. Be2 Nd3 18. Bf3 Kc7 19. g4 Bd7 20. Ra2 f5 21.
Bg5 Bb5 22. Kg2 Rd7 23. a4 Bc4 24. Ra3 e5 25. Nd2 Be6 26. Be2 h6 27. Be7 Nf4+
28. Kf3 Bd5+ 0-1

[Event "HZ Chess Tournament 2022"]
[Site "Vlissingen, Netherlands"]
[Date "2022.08.06"]
[Round "1.15"]
[White "Niewenhuis, Ruud"]
[Black "Royal, Shreyas"]
[Result "0-1"]
[WhiteElo "1841"]
[BlackElo "2375"]
[PlyCount "82"]

1. e4 e5 2. Nf3 Nc6 3. d4 exd4 4. Bc4 Bc5 5. c3 Nf6 6. O-O Nxe4 7. cxd4 d5 8.
dxc5 dxc4 9. Qxd8+ Kxd8 10. Be3 Be6 11. Nd4 Nxd4 12. Bxd4 Ke7 13. Bxg7 Rhg8 14.
Be5 Rac8 15. c6 bxc6 16. Re1 Nc5 17. Re2 Nd3 18. Bg3 Rb8 19. Bxc7 Rxb2 20. Rxb2
Nxb2 21. Be5 Nd3 22. Bg3 f5 23. Nc3 Bd5 24. Ne2 Ke6 25. f3 f4 26. Nxf4+ Nxf4
27. Bxf4 Bxf3 28. Kf2 Bxg2 29. Rg1 Kf5 30. Be3 Ke4 31. Bc1 Kd3 32. Rxg2 Rxg2+
33. Kxg2 Ke2 34. Bb2 Kd2 35. Bd4 a5 36. Kf2 c3 37. a4 c2 38. Be3+ Kd1 39. Kf3
c1=Q 40. Bxc1 Kxc1 41. Ke3 Kc2 0-1

[Event "HZ Chess Tournament 2022"]
[Site "Vlissingen, Netherlands"]
[Date "2022.08.06"]
[Round "1.16"]
[White "Seul, Georg"]
[Black "Boeren, Jurriaan"]
[Result "1-0"]
[WhiteElo "2363"]
[BlackElo "1840"]
[PlyCount "59"]

1. e4 e5 2. Bc4 Nf6 3. d3 c6 4. Nf3 Be7 5. O-O d6 6. Nbd2 O-O 7. Re1 a5 8. a3
Nbd7 9. Ba2 Nc5 10. h3 Be6 11. Bb1 h6 12. c3 Nh7 13. d4 Nd7 14. Nf1 exd4 15.
cxd4 Nb6 16. Ng3 Ng5 17. Nh2 a4 18. Bc2 c5 19. d5 Bd7 20. Ng4 Nc4 21. f4 Nh7
22. Qd3 Bxg4 23. e5 g6 24. Qxc4 Bh4 25. Re3 Bd7 26. e6 fxe6 27. dxe6 b5 28. Qd3
Be8 29. f5 g5 30. e7 1-0

[Event "HZ Chess Tournament 2022"]
[Site "Vlissingen, Netherlands"]
[Date "2022.08.06"]
[Round "1.17"]
[White "Timmermans, Adri"]
[Black "Sorbe, Stephane"]
[Result "0-1"]
[WhiteElo "1840"]
[BlackElo "2353"]
[PlyCount "64"]

1. e4 c6 2. d4 d5 3. f3 e6 4. Bd3 dxe4 5. fxe4 Qxd4 6. Nf3 Qb6 7. Nc3 Nd7 8.
Rb1 e5 9. Qe2 h6 10. Bd2 Ngf6 11. Na4 Qc7 12. O-O b5 13. Nc3 Nc5 14. b4 Nxd3
15. cxd3 a5 16. bxa5 Rxa5 17. Qe1 b4 18. Nd1 c5 19. Qg3 Be6 20. Qxe5 Bd6 21.
Qb2 Rxa2 22. Qc1 Ng4 23. h3 Ne5 24. Nxe5 Bxe5 25. Bf4 Bd4+ 26. Kh1 Qd7 27. Rf3
g5 28. Be3 g4 29. hxg4 Bxg4 30. Rf2 Ra3 31. Qc4 Be6 32. Qc1 Rxd3 0-1

[Event "HZ Chess Tournament 2022"]
[Site "Vlissingen, Netherlands"]
[Date "2022.08.06"]
[Round "1.18"]
[White "Klepke, Ricardo"]
[Black "Van Driel, Eric"]
[Result "1-0"]
[WhiteElo "2293"]
[BlackElo "1837"]
[PlyCount "51"]

1. d4 Nf6 2. c4 e6 3. g3 Bb4+ 4. Nd2 Nc6 5. Ngf3 Qe7 6. Bg2 O-O 7. Qc2 d6 8.
O-O Bxd2 9. Bxd2 e5 10. d5 Nb8 11. Rac1 a5 12. e4 b6 13. b3 Na6 14. Nh4 Nc5 15.
Bc3 Ne8 16. f4 f6 17. a3 g5 18. fxg5 fxg5 19. Rxf8+ Qxf8 20. Nf3 Nf6 21. Rf1
Qg7 22. Nxe5 dxe5 23. Bxe5 Ncd7 24. Qb2 Nxe5 25. Qxe5 Ng4 26. Qe8+ 1-0

[Event "HZ Chess Tournament 2022"]
[Site "Vlissingen, Netherlands"]
[Date "2022.08.06"]
[Round "1.22"]
[White "Lammens, Tim"]
[Black "Van de Poel, Taco"]
[Result "1-0"]
[WhiteElo "2255"]
[BlackElo "1818"]
[PlyCount "43"]

1. Nf3 Nf6 2. g3 b5 3. Bg2 Bb7 4. b3 d5 5. O-O Nbd7 6. c4 bxc4 7. bxc4 e6 8.
cxd5 exd5 9. Nc3 c5 10. Rb1 Bc6 11. d4 Rb8 12. Bf4 Rxb1 13. Qxb1 Be7 14. Ne5
Ba8 15. Nxd7 Nxd7 16. dxc5 Bxc5 17. Nxd5 O-O 18. Rd1 Qa5 19. Qf5 Nb6 20. Be4 g6
21. Nf6+ Kh8 22. Qe5 1-0

[Event "HZ Chess Tournament 2022"]
[Site "Vlissingen, Netherlands"]
[Date "2022.08.06"]
[Round "1.25"]
[White "Leentjens, Gilbert"]
[Black "Laux, Dominik"]
[Result "0-1"]
[WhiteElo "1810"]
[BlackElo "2245"]
[PlyCount "42"]

1. e4 c6 2. d4 d5 3. e5 Bf5 4. Nc3 e6 5. g4 Bg6 6. Nge2 c5 7. h4 h5 8. Nf4 Bh7
9. Nxh5 Nc6 10. Bg5 Qb6 11. Na4 Qa5+ 12. c3 cxd4 13. b4 Qc7 14. cxd4 Bxb4+ 15.
Bd2 Qa5 16. Rh3 Bxd2+ 17. Qxd2 Qxa4 18. Nxg7+ Kf8 19. Nxe6+ fxe6 20. Rf3+ Ke8
21. Rb3 Qxd4 0-1

[Event "HZ Chess Tournament 2022"]
[Site "Vlissingen, Netherlands"]
[Date "2022.08.06"]
[Round "1.27"]
[White "Lucas, Fred"]
[Black "Bruil, Rembrandt"]
[Result "0-1"]
[WhiteElo "1806"]
[BlackElo "2230"]
[PlyCount "54"]

1. c4 e6 2. Nf3 d5 3. e3 Nf6 4. Nc3 b6 5. cxd5 exd5 6. d4 Bd6 7. Bd3 Bb7 8. O-O
O-O 9. a3 Nbd7 10. Bd2 a6 11. Rc1 Re8 12. Ne2 Ne4 13. Bb4 c5 14. dxc5 bxc5 15.
Bc3 Nxc3 16. Nxc3 Qe7 17. Be2 Nf6 18. Re1 Rad8 19. g3 Qd7 20. Bf1 d4 21. exd4
cxd4 22. Nb1 Bb8 23. Nbd2 Ba7 24. Rxe8+ Rxe8 25. Ne1 d3 26. Bg2 Bxf2+ 27. Kxf2
Ng4+ 0-1

[Event "HZ Chess Tournament 2022"]
[Site "Vlissingen, Netherlands"]
[Date "2022.08.06"]
[Round "1.28"]
[White "Lefebvre, Herve"]
[Black "Czappa, Fabian Alexander"]
[Result "1-0"]
[WhiteElo "2212"]
[BlackElo "1802"]
[PlyCount "33"]

1. e4 c5 2. Nf3 d6 3. d4 cxd4 4. Nxd4 Nf6 5. Nc3 a6 6. Bc4 e6 7. Bb3 Be7 8. g4
Nc6 9. g5 Nxd4 10. Qxd4 e5 11. Qd1 Nd7 12. Qh5 O-O 13. g6 hxg6 14. Qxg6 Nc5 15.
Bh6 Bf6 16. Bxg7 Nxb3 17. Qh6 1-0

[Event "HZ Chess Tournament 2022"]
[Site "Vlissingen, Netherlands"]
[Date "2022.08.06"]
[Round "1.29"]
[White "Groen, Jari"]
[Black "Weber, Dirk"]
[Result "1-0"]
[WhiteElo "1800"]
[BlackElo "2208"]
[PlyCount "123"]

1. e4 c5 2. Nf3 e6 3. d4 cxd4 4. Nxd4 a6 5. Nc3 Qc7 6. Be3 Nf6 7. Bd3 Bc5 8.
O-O b5 9. h3 Qb6 10. e5 Bxd4 11. exf6 gxf6 12. Qf3 Nc6 13. Bxd4 Qxd4 14. Rad1
Qh4 15. Rfe1 Kf8 16. g3 Qh6 17. Bf1 d5 18. Nxd5 Ne5 19. Rxe5 fxe5 20. Nf6 e4
21. Qxe4 Qxf6 22. Qxa8 Kg7 23. c3 e5 24. Qe4 Bf5 25. Qe3 h5 26. h4 Bg6 27. Rd5
Re8 28. Bg2 Qf5 29. Kh2 Qf6 30. a3 Re6 31. Bh3 Re7 32. Rd2 Qc6 33. Bg2 Qc4 34.
Kg1 Qa2 35. Qe1 e4 36. Qe3 Qc4 37. Qd4+ Qxd4 38. Rxd4 e3 39. fxe3 Rxe3 40. Kf2
Re6 41. Bd5 Rf6+ 42. Kg2 Bf5 43. Bf3 Bg6 44. a4 Re6 45. Kf2 bxa4 46. Rxa4 Rb6
47. Rb4 Rd6 48. Rd4 Rb6 49. b4 Kh6 50. Be2 Rf6+ 51. Rf4 Rd6 52. c4 Rd2 53. Ke3
Rb2 54. c5 Rb3+ 55. Kf2 Rb2 56. Rd4 Bf5 57. Ke3 Bc8 58. Bf3 Be6 59. Kf4 Kg6 60.
Ke5 Rb3 61. Bd5 Rxg3 62. Bxe6 1-0

[Event "HZ Chess Tournament 2022"]
[Site "Vlissingen, Netherlands"]
[Date "2022.08.06"]
[Round "1.30"]
[White "Nieuwelink, Kees"]
[Black "Kompaan, Rick"]
[Result "0-1"]
[WhiteElo "2200"]
[BlackElo "1797"]
[PlyCount "78"]

1. e4 c5 2. Nf3 d6 3. d4 cxd4 4. Nxd4 Nf6 5. Nc3 g6 6. f4 Nc6 7. Bb5 Bd7 8. Nf3
a6 9. Bd3 Qb6 10. Qe2 Bg4 11. Bd2 Nd4 12. Qf2 Nxf3+ 13. gxf3 Qxf2+ 14. Kxf2 Bd7
15. e5 Nh5 16. Nd5 Rc8 17. exd6 e6 18. Bc3 Rxc3 19. Nxc3 Bxd6 20. Ne4 Be7 21.
Ke3 f5 22. Ng3 Bc5+ 23. Kd2 Nxf4 24. h4 Bc6 25. Raf1 Kf7 26. h5 g5 27. Bc4 Rd8+
28. Kc1 b5 29. Bb3 Kf6 30. c3 Be3+ 31. Kb1 Rd2 32. h6 Kg6 33. Re1 Bf2 34. Nh5
Bxe1 35. Nxf4+ gxf4 36. Rxe1 Bxf3 37. Rxe6+ Kg5 38. Kc1 Rh2 39. c4 Be2 0-1

[Event "HZ Chess Tournament 2022"]
[Site "Vlissingen, Netherlands"]
[Date "2022.08.06"]
[Round "1.31"]
[White "Minnema, Rens"]
[Black "De Jong, Tom"]
[Result "0-1"]
[WhiteElo "1797"]
[BlackElo "2191"]
[PlyCount "116"]

1. e4 c6 2. d4 d5 3. e5 c5 4. c3 Nc6 5. Nf3 Bg4 6. Bb5 e6 7. Bxc6+ bxc6 8. O-O
cxd4 9. Qa4 Qd7 10. Nxd4 Rc8 11. Be3 c5 12. Qxd7+ Kxd7 13. Nb3 h5 14. f3 Bf5
15. Rd1 f6 16. f4 Nh6 17. h3 Nf7 18. exf6 gxf6 19. N1d2 Rg8 20. Kf2 Bd6 21. Nf3
Ke7 22. Nh4 Bh7 23. Rd2 Nh6 24. Rg1 Nf5 25. Nxf5+ Bxf5 26. Rdd1 Be4 27. g4 e5
28. gxh5 exf4 29. Bc1 Rg3 30. Rxg3 fxg3+ 31. Kg1 f5 32. Nd2 Ke6 33. h6 Rh8 34.
Re1 c4 35. Nf3 Kf6 36. Be3 Kg6 37. Nh4+ Kh5 38. Ng2 Bxg2 39. Kxg2 f4 40. Bxa7
Rxh6 41. Rd1 Re6 42. Rxd5+ Kg6 43. Kf3 Kf6 44. h4 Ke7 45. Bc5 Bxc5 46. Rxc5 Re1
47. Rg5 Rf1+ 48. Kg2 Rf2+ 49. Kg1 Kf6 50. Rb5 Rh2 51. Rg5 Rxh4 52. Rg8 Rh2 53.
Rf8+ Ke5 54. Re8+ Kf5 55. b4 f3 56. Rf8+ Ke4 57. a4 f2+ 58. Kf1 Rh1+ 0-1

[Event "HZ Chess Tournament 2022"]
[Site "Vlissingen, Netherlands"]
[Date "2022.08.06"]
[Round "1.32"]
[White "Van der Kaap, Jos"]
[Black "Boerkamp, Harrie"]
[Result "1-0"]
[WhiteElo "2187"]
[BlackElo "1790"]
[PlyCount "61"]

1. d4 d5 2. Bf4 Bf5 3. c4 c6 4. e3 e6 5. Nc3 Nf6 6. Qb3 Qb6 7. c5 Qxb3 8. axb3
Nbd7 9. b4 Be7 10. b5 Nh5 11. bxc6 bxc6 12. Bc7 Bd8 13. Bd6 Be7 14. Bc7 Bd8 15.
Be5 Nxe5 16. dxe5 g5 17. Be2 Bg6 18. Nf3 Kd7 19. O-O Be7 20. Na4 Ng7 21. Nd4
Nf5 22. Ra2 h5 23. Rfa1 Rab8 24. Nb6+ axb6 25. Ra7+ Ke8 26. Nxc6 Rc8 27. cxb6
Rxc6 28. Bb5 Bc5 29. Bxc6+ Kf8 30. Ra8+ Kg7 31. Rxh8 1-0

[Event "HZ Chess Tournament 2022"]
[Site "Vlissingen, Netherlands"]
[Date "2022.08.06"]
[Round "1.33"]
[White "Spears, Russell"]
[Black "Honkoop, Gilian"]
[Result "0-1"]
[WhiteElo "1786"]
[BlackElo "2184"]
[PlyCount "60"]

1. c4 e6 2. g3 d5 3. Bg2 Nf6 4. Nf3 dxc4 5. O-O Be7 6. Qc2 c6 7. Ne5 O-O 8.
Nxc4 b5 9. Ne5 Bb7 10. b3 Qb6 11. Bb2 c5 12. a4 Bxg2 13. Kxg2 a6 14. f3 Nbd7
15. axb5 Nxe5 16. Bxe5 axb5 17. Nc3 Ra5 18. Rxa5 Qxa5 19. Ne4 Nxe4 20. fxe4 Qb6
21. Qc3 f6 22. Bf4 Qc6 23. Qf3 e5 24. Be3 Ra8 25. Rc1 Ra3 26. Rc3 b4 27. Rd3 c4
28. bxc4 b3 29. Rd5 b2 30. Rb5 Qxb5 0-1

[Event "HZ Chess Tournament 2022"]
[Site "Vlissingen, Netherlands"]
[Date "2022.08.06"]
[Round "1.34"]
[White "Baarslag, Ed"]
[Black "Arnold, Rhys"]
[Result "0-1"]
[WhiteElo "2172"]
[BlackElo "1777"]
[PlyCount "74"]

1. d4 d5 2. Nf3 Nf6 3. g3 Bf5 4. Bg2 c6 5. c4 e6 6. Qb3 Qb6 7. Nc3 Qxb3 8. axb3
Bc2 9. c5 Bxb3 10. Bf4 Nbd7 11. Nd2 Bc2 12. b4 Nh5 13. O-O Nxf4 14. gxf4 Be7
15. b5 O-O 16. Ra2 Bg6 17. bxc6 bxc6 18. Rfa1 Bf6 19. e3 Nxc5 20. Rxa7 Rxa7 21.
Rxa7 Nd3 22. Na4 Bh4 23. Kf1 Bxf2 24. Ke2 Bh4 25. Rc7 Nb4 26. Nc5 h6 27. Rb7
Na2 28. Nd7 Nc3+ 29. Kf1 Ra8 30. Rb8+ Rxb8 31. Nxb8 Bd3+ 32. Kg1 Ne2+ 33. Kh1
Bb5 34. Bf3 Bf2 35. Nf1 Nxf4 36. exf4 Bxf1 37. Nxc6 Kf8 0-1

[Event "HZ Chess Tournament 2022"]
[Site "Vlissingen, Netherlands"]
[Date "2022.08.06"]
[Round "1.35"]
[White "Hematyar, Fardin"]
[Black "Duchene, Rene"]
[Result "0-1"]
[WhiteElo "1777"]
[BlackElo "2170"]
[PlyCount "34"]

1. e4 e6 2. Nc3 d5 3. d4 Nf6 4. e5 Nfd7 5. Nf3 c5 6. Be3 Nc6 7. Ne2 Qb6 8. Rb1
cxd4 9. Bxd4 Bc5 10. c3 Ndxe5 11. Nxe5 Nxe5 12. b4 Bxd4 13. Nxd4 O-O 14. Be2
Ng6 15. g3 e5 16. Nb3 d4 17. h4 Qc6 0-1

[Event "HZ Chess Tournament 2022"]
[Site "Vlissingen, Netherlands"]
[Date "2022.08.06"]
[Round "1.36"]
[White "Wilgenhof, Otto"]
[Black "Kools, Jasper"]
[Result "0-1"]
[WhiteElo "2170"]
[BlackElo "1774"]
[PlyCount "84"]

1. d4 d5 2. Nf3 Nf6 3. c4 e6 4. Nc3 Be7 5. g3 O-O 6. Bg2 dxc4 7. e4 c5 8. d5
exd5 9. exd5 Bd6 10. O-O a6 11. a4 Bf5 12. Re1 Nbd7 13. Bf1 Qc7 14. Bxc4 Rfe8
15. Rxe8+ Rxe8 16. Qf1 h6 17. Bd2 Kf8 18. Nh4 Bh7 19. Bd3 Ne5 20. Bxh7 Nxh7 21.
Bf4 Qd7 22. Bxe5 Bxe5 23. Qc4 Bd4 24. Nf3 Ng5 25. Nxg5 hxg5 26. Ne2 Re5 27.
Nxd4 cxd4 28. Qxd4 Rxd5 29. Qb4+ Kg8 30. Re1 Rd4 31. Qb3 Rxa4 32. Rd1 Qc6 33.
Rd8+ Kh7 34. Qd1 g4 35. b3 Rb4 36. Rd6 Qe4 37. h3 a5 38. Rd5 a4 39. Rd3 Rxb3
40. Rxb3 axb3 41. Qxb3 gxh3 42. f3 Qe2 0-1

[Event "HZ Chess Tournament 2022"]
[Site "Vlissingen, Netherlands"]
[Date "2022.08.06"]
[Round "1.37"]
[White "Godding, Mick"]
[Black "Zevenhuizen, Daniel"]
[Result "0-1"]
[WhiteElo "1773"]
[BlackElo "2168"]
[PlyCount "128"]

1. e4 d6 2. d4 Nf6 3. Bd3 e5 4. c3 d5 5. dxe5 Nxe4 6. Bxe4 dxe4 7. Qxd8+ Kxd8
8. Ne2 Nd7 9. Ng3 Nxe5 10. Nxe4 Bf5 11. Nbd2 c6 12. O-O Nd3 13. f4 Kc7 14. Ng3
Bd7 15. Rf3 Ne1 16. Rf1 Nd3 17. Rf3 Bc5+ 18. Kf1 Nxc1 19. Rxc1 Bg4 20. Rd3 Rad8
21. Rxd8 Rxd8 22. Nc4 Be6 23. b3 Bxc4+ 24. bxc4 Be3 25. Re1 Bxf4 26. Nh5 Bh6
27. Re7+ Rd7 28. Re8 Rd1+ 29. Ke2 Rd2+ 30. Kf3 Rd3+ 31. Ke2 Rxc3 32. Re7+ Kb6
33. Rxf7 Rxc4 34. Nxg7 Rg4 35. Nf5 Rxg2+ 36. Kf3 Rxh2 37. Rxh7 Bf4 38. Re7 Bg5
39. Rg7 Bf6 40. Rf7 Be5 41. Ke4 Bb8 42. Rf8 Bc7 43. Rf7 Re2+ 44. Kd3 Rxa2 45.
Ne7 Bg3 46. Rg7 Ra3+ 47. Kc4 Rf3 48. Kb4 Bd6+ 49. Kc4 Bxe7 50. Rxe7 a5 51. Rh7
a4 52. Rh2 Ka5 53. Rh5+ b5+ 54. Kc5 Rc3+ 55. Kd4 Rc4+ 56. Kd3 Kb4 57. Rh1 Rc3+
58. Kd2 c5 59. Rb1+ Rb3 60. Ra1 a3 61. Kc2 Rb2+ 62. Kc1 Kb3 63. Kd1 a2 64. Kc1
Rh2 0-1